000 01645nam a22002417a 4500
008 130821s2004 xxu gr eng
020 _a094515934X
040 _aCo-BoUCM
_bspa
041 0 0 _aeng
245 0 0 _aGreat conversations
_ceditor Daniel Born, Donald H. Whitfield ; contribuciones Nancy Carr
260 _aChicago (Illinois, estados Unidos)
_bGreat Books Foundation
_cc2004
300 _a538 páginas
505 0 _aThe epic of Gilgamish / anonymous -- Prometheus bound / Aeschylus -- Of friendship and of solitude / Michel de Montaigne -- Pensées (selection) / Blaise Pascal -- Self-reliance / Ralph Waldo Emerson -- Out of the cradle endlessly rocking / Walt Whitman -- Democracy in America (selection) / Alexis de Tocqueville -- An enemy of the people / Henrik Ibsen -- The value of science (selection) / Henri Poincaré -- Thoughts for the times on war and death / Sigmund Freud -- The secret sharer / Joseph Conrad -- The theory of the leisure class (selection) / Thorstein Veblen -- The stages of life / Carl Jung -- Tell me a riddle / Tillie Olsen -- Boys and girls / Alice Munro -- Discussion guide for narrative of the life of Frederick Douglass, an American Slave / Frederick Douglass -- Discussion guide for seize the day / Saul Bellow -- Connecting themes.
650 0 4 _aArte de escribir
_99465
650 0 4 _aLiteratura universal
_xCrítica universal
_918752
650 0 4 _aLiteratura
_918599
650 0 4 _aLiteratura
_vColecciones
_918599
700 1 _aBorn, Daniel.
700 1 _aCarr, Nancy.
700 1 _aWhitfield, Donald.
942 _cLIBRO
_a18
_e1
_mG786
_2DEWEY
_h808.8
999 _c90870
_d90870